000 00363nam a22001457a 4500
003 SGT
082 _a616.024
_bS22K
100 _aKUMAR, MANISH
245 _aSTUDY OF LEFT VENTRICULAR DYSFUNCTION IN PATIENTS WITH TYPE 2 DIABETES MELLITUS
260 _aGURUGRAM
_bSGT UNIVERSITY
_c2022
300 _a118
650 _aMEDICINE
653 _aM.D
942 _2ddc
_cTH
999 _c26577
_d26577